[Event "Titled Tuesday intern op 08th Aug Early"]
[Site "Chess.com INT"]
[Date "2023.08.08"]
[Round "10"]
[White "Kumsiashvili, Nikoloz"]
[Black "Galchenko, Matvey"]
[Result "0-1"]
[WhiteElo "2399"]
[BlackElo "2438"]
[PlyCount "66"]
[EventDate "2023.08.08"]
[EventType "swiss (blitz)"]
[EventRounds "11"]
[EventCountry "USA"]
[SourceTitle "EXT 2024"]
[Source "ChessBase"]
[SourceDate "2023.10.10"]
[SourceVersion "1"]
[SourceVersionDate "2023.10.10"]
[SourceQuality "1"]

1. Nf3 c5 2. b3 d5 3. Bb2 f6 4. c4 d4 5. d3 e5 6. g3 Nc6 7. Bg2 Be6 8. 0-0 Qd7 9. Re1 Nge7 10. e3 Ng6 11. exd4 cxd4 12. a3 a5 13. Nbd2 Be7 14. Ne4 0-0 15. Rb1 h6 16. Bc1 Bg4 17. Ned2 Qf5 18. Qe2 Qh5 19. Qf1 Bd7 20. h3 f5 21. b4 axb4 22. axb4 Bxb4 23. Rxb4 Nxb4 24. Nxe5 Nxe5 25. Rxe5 Bc6 26. g4 Qg6 27. g5 Bxg2 28. Kxg2 Qxg5+ 29. Kh1 Qf6 30. Nf3 Ra1 31. Kh2 Rxc1 32. Qxc1 Nxd3 33. Qe1 Nxe1 0-1

[Event "Titled Tuesday intern op 08th Aug Early"]
[Site "Chess.com INT"]
[Date "2023.08.08"]
[Round "5"]
[White "Kumsiashvili, Nikoloz"]
[Black "Janaszak, Dawid"]
[Result "1-0"]
[WhiteElo "2399"]
[BlackElo "2302"]
[PlyCount "73"]
[EventDate "2023.08.08"]
[EventType "swiss (blitz)"]
[EventRounds "11"]
[EventCountry "USA"]
[SourceTitle "EXT 2024"]
[Source "ChessBase"]
[SourceDate "2023.10.10"]
[SourceVersion "1"]
[SourceVersionDate "2023.10.10"]
[SourceQuality "1"]

1. Nf3 Nf6 2. g3 g6 3. Bg2 Bg7 4. 0-0 0-0 5. d3 d5 6. Nbd2 d4 7. c4 c5 8. b4 Nc6 9. bxc5 e5 10. Ng5 Bf5 11. Nge4 Qd7 12. Re1 Bh3 13. Bh1 Nh5 14. Rb1 Rab8 15. Nd6 f5 16. Bd5+ Kh8 17. Qa4 Nf6 18. Rxb7 Rxb7 19. Bxc6 Qc7 20. Bxb7 e4 21. dxe4 f4 22. e5 Ng4 23. Nf3 fxg3 24. hxg3 d3 25. exd3 Qxc5 26. d4 Qc7 27. Bf4 h6 28. Qc6 Qa5 29. e6 Bxd4 30. e7 Bxf2+ 31. Kh1 Rg8 32. e8Q Bxe1 33. Be5+ Nxe5 34. Qxe5+ Qxe5 35. Nxe5 Rf8 36. Ndf7+ Kg7 37. Qxg6# 1-0

[Event "Titled Tuesday intern op 08th Aug Early"]
[Site "Chess.com INT"]
[Date "2023.08.08"]
[Round "6"]
[White "Mika, Tomasz1111"]
[Black "Kumsiashvili, Nikoloz"]
[Result "0-1"]
[WhiteElo "2129"]
[BlackElo "2399"]
[PlyCount "46"]
[EventDate "2023.08.08"]
[EventType "swiss (blitz)"]
[EventRounds "11"]
[EventCountry "USA"]
[SourceTitle "EXT 2024"]
[Source "ChessBase"]
[SourceDate "2023.10.10"]
[SourceVersion "1"]
[SourceVersionDate "2023.10.10"]
[SourceQuality "1"]

1. e4 c5 2. Nf3 e6 3. d4 cxd4 4. Nxd4 Nc6 5. Nc3 Qc7 6. g3 a6 7. Bg2 h5 8. h4 Nf6 9. 0-0 Nxd4 10. Qxd4 Bc5 11. Qd3 Ng4 12. Bf4 Qb6 13. Nd1 e5 14. Bg5 0-0 15. c3 a5 16. b3 d6 17. Rb1 Be6 18. Bf3 f5 19. b4 axb4 20. cxb4 Bd4 21. Kg2 Rxa2 22. exf5 Rxf5 23. Bd5 Bxd5+ 0-1

[Event "Titled Tuesday intern op 08th Aug Early"]
[Site "Chess.com INT"]
[Date "2023.08.08"]
[Round "1"]
[White "Rom, Jasper B"]
[Black "Kumsiashvili, Nikoloz"]
[Result "0-1"]
[WhiteElo "2202"]
[BlackElo "2399"]
[PlyCount "80"]
[EventDate "2023.08.08"]
[EventType "swiss (blitz)"]
[EventRounds "11"]
[EventCountry "USA"]
[SourceTitle "EXT 2024"]
[Source "ChessBase"]
[SourceDate "2023.10.10"]
[SourceVersion "1"]
[SourceVersionDate "2023.10.10"]
[SourceQuality "1"]

1. e4 c5 2. Nc3 Nc6 3. f4 a6 4. g3 e6 5. Bg2 d6 6. Nh3 Nf6 7. 0-0 Be7 8. d3 d5 9. Nf2 0-0 10. g4 dxe4 11. dxe4 Qxd1 12. Rxd1 Nd4 13. Rd2 Nd7 14. Ne2 e5 15. Nxd4 cxd4 16. fxe5 Nxe5 17. h3 Rd8 18. Nd3 Nc4 19. Re2 Be6 20. Nf4 Rac8 21. e5 Rc7 22. Nxe6 fxe6 23. b3 Ne3 24. Bxe3 dxe3 25. Be4 Bg5 26. Kg2 Bf4 27. Rf1 g5 28. h4 h6 29. hxg5 hxg5 30. Rh1 b5 31. Rh6 Rd2 32. Kf3 Rcd7 33. Rg6+ Kf8 34. Bd3 Rd1 35. Rxe6 Rf7 36. Ke4 Rd2 37. Rxa6 Rd7 38. e6 R7xd3 39. cxd3 Rxe2 40. Kf5 Rf2 0-1

[Event "Titled Tuesday intern op 11th Jul Early"]
[Site "Chess.com INT"]
[Date "2023.07.11"]
[Round "8"]
[White "Kumsiashvili, Nikoloz"]
[Black "Lopez Idarraga, Daniel Eduardo"]
[Result "1-0"]
[WhiteElo "2399"]
[BlackElo "2009"]
[PlyCount "85"]
[EventDate "2023.07.11"]
[EventType "swiss (blitz)"]
[EventRounds "11"]
[EventCountry "USA"]
[SourceTitle "EXT 2024"]
[Source "ChessBase"]
[SourceDate "2023.10.10"]
[SourceVersion "1"]
[SourceVersionDate "2023.10.10"]
[SourceQuality "1"]

1. Nf3 d5 2. b3 c5 3. Bb2 Nf6 4. e3 a6 5. d4 Bf5 6. Be2 e6 7. 0-0 h6 8. c4 Nc6 9. Nc3 dxc4 10. bxc4 cxd4 11. exd4 Bd6 12. d5 Ne5 13. Nd4 0-0 14. dxe6 fxe6 15. Nxf5 exf5 16. Nd5 Ne4 17. Nf4 Rf6 18. c5 Bc7 19. Qb3+ Kh7 20. Rad1 Qc8 21. Nd5 Rf8 22. f4 Nxc5 23. Qc3 Na4 24. Qxc7 Nxb2 25. fxe5 Nxd1 26. Rxd1 Qe6 27. Qd6 Rae8 28. Bh5 Qxe5 29. Qg6+ Kh8 30. h3 Rd8 31. Bf3 f4 32. Qb1 Rf7 33. Re1 Qf5 34. Qb3 Rfd7 35. Nb6 Rd3 36. Qe6 Qc5+ 37. Kh2 R3d6 38. Qe7 Qxb6 39. Be4 Rg8 40. Qf7 Re6 41. Qf5 g6 42. Qf7 Rge8 43. Bxg6 1-0

[Event "Titled Tuesday intern op 27th Jun Early"]
[Site "Chess.com INT"]
[Date "2023.06.27"]
[Round "2"]
[White "Kumsiashvili, Nikoloz"]
[Black "Harsh, Suresh"]
[Result "1-0"]
[WhiteElo "2399"]
[BlackElo "2239"]
[PlyCount "167"]
[EventDate "2023.06.27"]
[EventType "swiss (blitz)"]
[EventRounds "11"]
[EventCountry "USA"]
[SourceTitle "EXT 2024"]
[Source "ChessBase"]
[SourceDate "2023.10.10"]
[SourceVersion "1"]
[SourceVersionDate "2023.10.10"]
[SourceQuality "1"]

1. c4 d6 2. Nf3 e5 3. d3 g6 4. Nc3 Bg7 5. e3 Ne7 6. Be2 0-0 7. 0-0 Nbc6 8. Rb1 a6 9. b4 Be6 10. a4 h6 11. b5 axb5 12. axb5 Na5 13. b6 cxb6 14. e4 Nac6 15. Nd5 Bxd5 16. cxd5 Nb8 17. Be3 Nd7 18. Nd2 Qc7 19. Nc4 Ra6 20. Qb3 Rb8 21. Rfc1 Nc5 22. Qb5 Nc8 23. f4 exf4 24. Bxf4 Ra2 25. Bf1 Bd4+ 26. Kh1 Rba8 27. Bxh6 Qe7 28. Bf4 Qf6 29. Bg3 Rf2 30. Qe8+ Kg7 31. Nxd6 Nxd6 32. Qxa8 Ndxe4 33. dxe4 Nxe4 34. Qb8 Rd2 35. h3 Qf5 36. Qf4 Rf2 37. Qxf5 Nxg3+ 38. Kh2 Nxf5 39. Bd3 Be5+ 40. Kg1 Bd4 41. Bxf5 Rxf5+ 42. Kh2 Rxd5 43. Rd1 Be5+ 44. Kh1 Rxd1+ 45. Rxd1 b5 46. Rb1 b6 47. Rxb5 Bd4 48. g4 Be3 49. Kg2 Bc5 50. Kf3 g5 51. Ke4 Kg6 52. Rb3 Kf6 53. Rf3+ Kg6 54. Rf5 f6 55. Rd5 Kf7 56. Rd7+ Kg6 57. Rb7 Bf2 58. Kd5 Bc5 59. Ke6 Bd4 60. Rb8 Kg7 61. Kf5 Bc5 62. Rb7+ Kf8 63. Kxf6 Be3 64. Kf5 Ke8 65. Ke6 Kd8 66. Rd7+ Kc8 67. Rh7 b5 68. h4 gxh4 69. Rxh4 b4 70. Rh3 Bd2 71. Rb3 Bc3 72. g5 Kd8 73. g6 Kc7 74. Rxb4 Bxb4 75. g7 Ba5 76. g8Q Bb6 77. Qf7+ Kc6 78. Qd7+ Kc5 79. Qd5+ Kb4 80. Qc6 Ka5 81. Kd5 Ba7 82. Qb7 Bb6 83. Kc6 Be3 84. Qb5# 1-0

[Event "Titled Tuesday intern op 20th Jun Early"]
[Site "Chess.com INT"]
[Date "2023.06.20"]
[Round "10"]
[White "Kumsiashvili, Nikoloz"]
[Black "Maksimovic, Bojan"]
[Result "1-0"]
[WhiteElo "2399"]
[BlackElo "2482"]
[PlyCount "93"]
[EventDate "2023.06.20"]
[EventType "swiss (blitz)"]
[EventRounds "11"]
[EventCountry "USA"]
[SourceTitle "EXT 2024"]
[Source "ChessBase"]
[SourceDate "2023.10.10"]
[SourceVersion "1"]
[SourceVersionDate "2023.10.10"]
[SourceQuality "1"]

1. c4 Nf6 2. Nc3 d5 3. d4 dxc4 4. e3 e5 5. Bxc4 exd4 6. exd4 Bd6 7. Nf3 0-0 8. 0-0 h6 9. h3 Nc6 10. Be3 Bf5 11. a3 Ne4 12. Bd3 Nxc3 13. bxc3 Bxd3 14. Qxd3 Re8 15. c4 Na5 16. Bd2 c5 17. d5 a6 18. Rab1 Rb8 19. Bc3 Bf8 20. Nd2 Nc6 21. Rfd1 Ne5 22. Qg3 Ng6 23. Nb3 Bd6 24. Qd3 Qh4 25. Re1 b5 26. Na5 Rxe1+ 27. Rxe1 b4 28. axb4 cxb4 29. Bd4 Nf4 30. Qf3 Nxh3+ 31. Qxh3 Qxd4 32. Nc6 Qd2 33. Qe3 Qxe3 34. fxe3 Rb6 35. e4 f6 36. Rb1 b3 37. Kf2 Kf7 38. Ke2 Be5 39. Kd3 b2 40. Nxe5+ fxe5 41. Kc3 Rg6 42. Rxb2 Rg4 43. Kb4 Rxe4 44. Kc5 Re1 45. Kd6 e4 46. c5 e3 47. c6 1-0

[Event "Titled Tuesday intern op 20th Jun Early"]
[Site "Chess.com INT"]
[Date "2023.06.20"]
[Round "1"]
[White "Md Abu, Hanif"]
[Black "Kumsiashvili, Nikoloz"]
[Result "0-1"]
[WhiteElo "2073"]
[BlackElo "2399"]
[PlyCount "52"]
[EventDate "2023.06.20"]
[EventType "swiss (blitz)"]
[EventRounds "11"]
[EventCountry "USA"]
[SourceTitle "EXT 2024"]
[Source "ChessBase"]
[SourceDate "2023.10.10"]
[SourceVersion "1"]
[SourceVersionDate "2023.10.10"]
[SourceQuality "1"]

1. d4 Nf6 2. Nf3 g6 3. g3 Bg7 4. Bg2 0-0 5. 0-0 d5 6. Nbd2 c5 7. c3 Nc6 8. e3 b6 9. Ne5 Bb7 10. f4 Nb8 11. b3 Nbd7 12. Bb2 Ne8 13. Qf3 Ndf6 14. h4 Nd6 15. Qe2 Nf5 16. Qf2 h5 17. Bf3 Nd6 18. Qg2 Nde4 19. Nxe4 dxe4 20. Be2 Nd5 21. Qf2 cxd4 22. cxd4 Rc8 23. Rfc1 Kh7 24. Bc4 f6 25. Bxd5 Bxd5 26. Nc4 Qd7 0-1

[Event "Titled Tuesday intern op 13th Jun Early"]
[Site "Chess.com INT"]
[Date "2023.06.13"]
[Round "7"]
[White "Eilers, Stefan"]
[Black "Kumsiashvili, Nikoloz"]
[Result "0-1"]
[WhiteElo "2300"]
[BlackElo "2399"]
[PlyCount "70"]
[EventDate "2023.06.13"]
[EventType "swiss (blitz)"]
[EventRounds "11"]
[EventCountry "USA"]
[SourceTitle "EXT 2024"]
[Source "ChessBase"]
[SourceDate "2023.10.10"]
[SourceVersion "1"]
[SourceVersionDate "2023.10.10"]
[SourceQuality "1"]

1. d4 Nf6 2. Nc3 d5 3. Bf4 c6 4. e3 Bf5 5. Nf3 e6 6. Ne5 Nbd7 7. g4 Bg6 8. h4 h5 9. Nxg6 fxg6 10. gxh5 gxh5 11. Be2 Qe7 12. Qd3 0-0-0 13. 0-0-0 e5 14. Bg5 e4 15. Qd2 Kb8 16. f3 Qe6 17. fxe4 dxe4 18. a3 Nb6 19. Rdf1 Be7 20. Kb1 Nfd5 21. Nxd5 cxd5 22. Rhg1 Ka8 23. Qd1 Bxg5 24. Rxg5 g6 25. Rfg1 Rd6 26. Qe1 Rc8 27. Rxg6 Qxg6 28. Rxg6 Rxg6 29. Bxh5 Rg2 30. Bd1 Rcg8 31. Ka2 Nc4 32. h5 Rg1 33. Qe2 R8g2 34. h6 Rxe2 35. h7 Rh2 0-1

[Event "Budapest FS07 GM"]
[Site "Budapest"]
[Date "2019.07.16"]
[Round "9"]
[White "Fogarasi, Tibor"]
[Black "Kumsiashvili, Nikoloz"]
[Result "1-0"]
[WhiteElo "2372"]
[BlackElo "2409"]
[PlyCount "45"]
[EventDate "2019.07.06"]
[EventType "tourn"]
[EventRounds "9"]
[EventCountry "HUN"]
[EventCategory "7"]
[SourceTitle "EXT 2020"]
[Source "ChessBase"]
[SourceDate "2019.10.17"]
[SourceVersion "1"]
[SourceVersionDate "2019.10.17"]
[SourceQuality "1"]

1. e4 c5 2. Nc3 Nc6 3. Nge2 e5 4. Ng3 g6 5. Bc4 Bg7 6. d3 Nf6 7. f4 d6 8. h3 Be6 9. f5 gxf5 10. exf5 Bxc4 11. dxc4 Qd7 12. Bg5 Nd4 13. 0-0 0-0-0 14. Bxf6 Bxf6 15. Nge4 Bg7 16. Nd5 Kb8 17. c3 Nc6 18. Qh5 f6 19. Nexf6 Bxf6 20. Nxf6 Qg7 21. Ne4 Rhg8 22. Rf2 h6 23. Rd1 1-0

[Event "Budapest FS07 GM"]
[Site "Budapest"]
[Date "2019.07.13"]
[Round "7"]
[White "Kumsiashvili, Nikoloz"]
[Black "Travadon, Loic"]
[Result "1-0"]
[WhiteElo "2409"]
[BlackElo "2403"]
[PlyCount "59"]
[EventDate "2019.07.06"]
[EventType "tourn"]
[EventRounds "9"]
[EventCountry "HUN"]
[EventCategory "7"]
[SourceTitle "EXT 2020"]
[Source "ChessBase"]
[SourceDate "2019.10.17"]
[SourceVersion "1"]
[SourceVersionDate "2019.10.17"]
[SourceQuality "1"]

1. d4 d5 2. c4 c6 3. Nf3 Nf6 4. Nc3 dxc4 5. a4 Bf5 6. Ne5 Nbd7 7. Nxc4 Qc7 8. g3 e5 9. dxe5 Nxe5 10. Bf4 Nfd7 11. Bg2 g5 12. Bxe5 Nxe5 13. Qd4 f6 14. Ne3 Bg6 15. a5 a6 16. Ne4 Rd8 17. Qa4 Be7 18. 0-0 f5 19. Nc3 0-0 20. Rac1 Qb8 21. Nc2 Qa7 22. Rcd1 Rxd1 23. Rxd1 Bc5 24. Nd4 Kh8 25. e3 f4 26. gxf4 Nd3 27. Ne6 Nxf2 28. Nxf8 Nxd1 29. Nxg6+ hxg6 30. Nxd1 1-0

[Event "Budapest FS07 GM"]
[Site "Budapest"]
[Date "2019.07.08"]
[Round "3"]
[White "Kumsiashvili, Nikoloz"]
[Black "Damjanovic, Vuk"]
[Result "1/2-1/2"]
[WhiteElo "2409"]
[BlackElo "2283"]
[PlyCount "89"]
[EventDate "2019.07.06"]
[EventType "tourn"]
[EventRounds "9"]
[EventCountry "HUN"]
[EventCategory "7"]
[SourceTitle "EXT 2020"]
[Source "ChessBase"]
[SourceDate "2019.10.17"]
[SourceVersion "1"]
[SourceVersionDate "2019.10.17"]
[SourceQuality "1"]

1. d4 Nc6 2. Nf3 Nf6 3. g3 g6 4. Bg2 Bg7 5. d5 Nb8 6. c4 c6 7. Nc3 0-0 8. 0-0 d6 9. h3 a6 10. a4 a5 11. e4 e5 12. c5 cxd5 13. exd5 Na6 14. cxd6 Qxd6 15. Re1 Re8 16. Ng5 Bd7 17. Nge4 Nxe4 18. Nxe4 Qf8 19. Nc3 Nb4 20. g4 f5 21. gxf5 gxf5 22. Na2 Nxa2 23. Rxa2 Qd6 24. b3 f4 25. Qh5 Qb4 26. Rae2 Ra6 27. Re4 Qxb3 28. Bxf4 Rg6 29. Bg3 Rf8 30. Qd1 Qa3 31. R4e3 Qxa4 32. Qxa4 Bxa4 33. Ra3 b5 34. Bxe5 Bxe5 35. Rxe5 Bd1 36. Kf1 a4 37. Be4 Rgf6 38. Rg3+ Kh8 39. Ke1 Bb3 40. d6 Rxd6 41. Rxb5 Re8 42. f3 Bc2 43. Kf2 a3 44. Ra5 Bxe4 45. fxe4 1/2-1/2

[Event "Budapest FS07 GM"]
[Site "Budapest"]
[Date "2019.07.07"]
[Round "2"]
[White "Aczel, Gergely"]
[Black "Kumsiashvili, Nikoloz"]
[Result "1/2-1/2"]
[WhiteElo "2540"]
[BlackElo "2409"]
[PlyCount "119"]
[EventDate "2019.07.06"]
[EventType "tourn"]
[EventRounds "9"]
[EventCountry "HUN"]
[EventCategory "7"]
[SourceTitle "EXT 2020"]
[Source "ChessBase"]
[SourceDate "2019.10.17"]
[SourceVersion "1"]
[SourceVersionDate "2019.10.17"]
[SourceQuality "1"]

1. Nf3 Nf6 2. g3 g6 3. b4 Bg7 4. Bb2 0-0 5. c4 d6 6. Bg2 e5 7. 0-0 Nc6 8. b5 Ne7 9. Nc3 h6 10. d4 e4 11. Nd2 e3 12. fxe3 Nf5 13. Rf3 Re8 14. Nf1 a6 15. bxa6 bxa6 16. e4 Rb8 17. exf5 Rxb2 18. fxg6 fxg6 19. Rb1 Rxb1 20. Qxb1 Bf5 21. Rxf5 gxf5 22. Qxf5 Qd7 23. Qd3 c5 24. dxc5 dxc5 25. Bd5+ Nxd5 26. Nxd5 Qe6 27. e3 Qe4 28. Qxe4 Rxe4 29. Nd2 Re6 30. Kf2 Bf8 31. Ke2 Kf7 32. Kd3 Re8 33. g4 Bd6 34. h3 Ke6 35. Ne4 Rb8 36. Kc2 a5 37. a4 Ke5 38. Nd2 Rf8 39. Nf4 Rb8 40. Nd3+ Ke6 41. Nb3 Ke7 42. e4 Rf8 43. e5 Bc7 44. Nbxc5 Rf3 45. Na6 Bd8 46. h4 Rg3 47. g5 hxg5 48. hxg5 Rxg5 49. Kc3 Rg4 50. Nac5 Bc7 51. Nb3 Rg3 52. Kd2 Rg4 53. Kc3 Rg3 54. Kd4 Bxe5+ 55. Nxe5 Rxb3 56. Kc5 Kd8 57. Nc6+ Kc7 58. Nxa5 Rb6 59. Kd4 Rb4 60. Kc3 1/2-1/2

[Event "Vilnius Zavanelli Memorial op-A"]
[Site "Vilnius"]
[Date "2018.10.23"]
[Round "3"]
[White "Jankunas, Tomas"]
[Black "Kumsiashvili, Nikoloz"]
[Result "0-1"]
[WhiteElo "2093"]
[BlackElo "2399"]
[PlyCount "33"]
[EventDate "2018.10.22"]
[EventType "swiss"]
[EventRounds "9"]
[EventCountry "LTU"]
[SourceTitle "CBM 187 Extra"]
[Source "ChessBase"]
[SourceDate "2018.11.04"]
[SourceVersion "1"]
[SourceVersionDate "2018.11.04"]
[SourceQuality "1"]

1. e4 c5 2. c3 Nf6 3. e5 Nd5 4. d4 cxd4 5. Nf3 e6 6. cxd4 d6 7. Bc4 Nb6 8. Bd3 Nc6 9. 0-0 dxe5 10. dxe5 Nb4 11. Be4 Qxd1 12. Rxd1 N4d5 13. b3 Bd7 14. Bb2 Rc8 15. Nbd2 Bb4 16. Rac1 Ke7 17. g3 0-1

[Event "Lueneburg op-A"]
[Site "Lueneburg"]
[Date "2018.07.08"]
[Round "4"]
[White "Bosselmann, Tom Linus"]
[Black "Kumsiashvili, Nikoloz"]
[Result "0-1"]
[WhiteElo "2036"]
[BlackElo "2411"]
[PlyCount "106"]
[EventDate "2018.07.06"]
[EventType "swiss"]
[EventRounds "9"]
[EventCountry "GER"]
[SourceTitle "CBM 185 Extra"]
[Source "ChessBase"]
[SourceDate "2018.07.29"]
[SourceVersion "1"]
[SourceVersionDate "2018.07.29"]
[SourceQuality "1"]

1. e4 c5 2. Nf3 d6 3. d4 cxd4 4. Nxd4 Nf6 5. Nc3 a6 6. Be3 Nbd7 7. Be2 e6 8. 0-0 b5 9. a3 Bb7 10. f3 Be7 11. Qe1 0-0 12. Qf2 Rc8 13. Rfd1 Ne5 14. Nb3 Nfd7 15. f4 Nc4 16. Bxc4 Rxc4 17. Nd2 Rc8 18. Nb3 Qc7 19. Bd4 Qb8 20. Re1 e5 21. fxe5 dxe5 22. Be3 Nf6 23. Qf3 Nxe4 24. Nxe4 f5 25. Nbd2 Rxc2 26. Qd1 Rc6 27. Nc3 Rg6 28. Nf3 e4 29. Nd2 f4 30. Ncxe4 fxe3 31. Qb3+ Kh8 32. Qxe3 Qe5 33. b4 Bd8 34. Nf3 Qb2 35. Qd2 Qxd2 36. Nexd2 Bb6+ 37. Kh1 h6 38. Re2 Rd6 39. Rae1 Rd3 40. Ne5 Rd6 41. Ne4 Bxe4 42. Rxe4 Rf2 43. Nf3 Ra2 44. Ne5 Kh7 45. Nf7 Rf6 46. Ne5 Rxa3 47. Nd7 Rd6 48. Nf8+ Kg8 49. Re8 Rd8 50. h3 Rxe8 51. Rxe8 Kf7 52. Rc8 Rd3 53. Kh2 Bd8 0-1

[Event "Riga Tech op 7th"]
[Site "Riga"]
[Date "2017.08.10"]
[Round "6"]
[White "Ladva, Ottomar"]
[Black "Kumsiashvili, Nikoloz"]
[Result "1-0"]
[WhiteElo "2532"]
[BlackElo "2403"]
[PlyCount "87"]
[EventDate "2017.08.07"]
[EventType "swiss"]
[EventRounds "9"]
[EventCountry "LAT"]
[SourceTitle "CBM 179 Extra"]
[Source "ChessBase"]
[SourceDate "2017.08.23"]
[SourceVersion "1"]
[SourceVersionDate "2017.08.23"]
[SourceQuality "1"]

1. c4 c6 2. g3 Nf6 3. Nf3 d5 4. Bg2 dxc4 5. 0-0 Nbd7 6. Na3 Nb6 7. Ne5 Be6 8. Qc2 Qd4 9. Nxc6 bxc6 10. Bxc6+ Bd7 11. Bxa8 Nxa8 12. Nxc4 Qd5 13. d3 g6 14. e4 Qb5 15. a4 Qb7 16. Ra3 Bg7 17. Qb3 Qc8 18. Be3 0-0 19. Bxa7 Qa6 20. Bc5 Rc8 21. Bxe7 Nxe4 22. dxe4 Rxc4 23. Rd1 Bd4 24. Qd3 Bh3 25. Rc3 Rxa4 26. Qxa6 Rxa6 27. Ra3 Rxa3 28. bxa3 Bb6 29. Bf6 Kf8 30. a4 Bc8 31. a5 Bc7 32. Be5 Ke7 33. Bxc7 Nxc7 34. f4 f6 35. Kf2 Ba6 36. Ke3 Nb5 37. g4 Bb7 38. Rb1 Ba6 39. h4 Na3 40. Rb8 Nc4+ 41. Kf2 Nd2 42. Rb6 Bc8 43. a6 Nxe4+ 44. Kg2 1-0

[Event "Riga Tech op 7th"]
[Site "Riga"]
[Date "2017.08.09"]
[Round "4"]
[White "Blomqvist, Erik"]
[Black "Kumsiashvili, Nikoloz"]
[Result "1/2-1/2"]
[WhiteElo "2525"]
[BlackElo "2403"]
[PlyCount "79"]
[EventDate "2017.08.07"]
[EventType "swiss"]
[EventRounds "9"]
[EventCountry "LAT"]
[SourceTitle "CBM 179 Extra"]
[Source "ChessBase"]
[SourceDate "2017.08.23"]
[SourceVersion "1"]
[SourceVersionDate "2017.08.23"]
[SourceQuality "1"]

1. Nf3 d5 2. g3 Bg4 3. Bg2 c6 4. c4 e6 5. 0-0 Nf6 6. cxd5 Bxf3 7. Bxf3 cxd5 8. d4 Nc6 9. e3 Be7 10. Nc3 0-0 11. Qe2 Qd7 12. Rd1 Rfc8 13. Bd2 Ne8 14. Be1 Bf6 15. Rac1 Nd6 16. Bg2 Rc7 17. f3 Rac8 18. Bf2 Na5 19. Bf1 a6 20. a3 Nb3 21. Rb1 Nc4 22. Rd3 Nba5 23. Be1 b5 24. Rbd1 Nc6 25. Na2 Qe8 26. Nb4 Nxb4 27. axb4 Nb6 28. Ra1 Rc2 29. Qd1 Na4 30. Bc3 R2xc3 31. bxc3 Nb2 32. Qb3 Nxd3 33. Bxd3 Rc6 34. Kf2 Qc8 35. Ra3 g6 36. f4 Bg7 37. Ke1 f5 38. Kd2 Bf8 39. Qa2 Qb7 40. Qa1 1/2-1/2

[Event "Budapest Spring op"]
[Site "Budapest"]
[Date "2017.03.22"]
[Round "5"]
[White "Kumsiashvili, Nikoloz"]
[Black "Aczel, Gergely"]
[Result "0-1"]
[WhiteElo "2383"]
[BlackElo "2555"]
[PlyCount "68"]
[EventDate "2017.03.18"]
[EventType "swiss"]
[EventRounds "9"]
[EventCountry "HUN"]
[SourceTitle "CBM 177 Extra"]
[Source "ChessBase"]
[SourceDate "2017.04.27"]
[SourceVersion "1"]
[SourceVersionDate "2017.04.27"]
[SourceQuality "1"]

1. d4 Nf6 2. c4 e6 3. Nf3 d5 4. Nc3 Be7 5. Bg5 0-0 6. e3 h6 7. Bh4 b6 8. cxd5 Nxd5 9. Bxe7 Qxe7 10. Nxd5 exd5 11. Be2 Be6 12. 0-0 c5 13. dxc5 bxc5 14. Qa4 a5 15. Bb5 Nd7 16. Rac1 Rfc8 17. Rfd1 Nf6 18. Ne5 Qd6 19. Nd3 Qb6 20. Ne5 Rab8 21. Bd7 Nxd7 22. Nxd7 Bxd7 23. Qxd7 Rd8 24. Qe7 c4 25. Rd2 Qb4 26. Qxb4 axb4 27. Rcd1 Ra8 28. e4 c3 29. Rxd5 Rxd5 30. exd5 c2 31. Rc1 Rxa2 32. d6 Kf8 33. Re1 Ra7 34. b3 Rd7 0-1

[Event "Budapest Spring op"]
[Site "Budapest"]
[Date "2017.03.21"]
[Round "4"]
[White "Torma, Robert"]
[Black "Kumsiashvili, Nikoloz"]
[Result "1/2-1/2"]
[WhiteElo "2499"]
[BlackElo "2383"]
[PlyCount "85"]
[EventDate "2017.03.18"]
[EventType "swiss"]
[EventRounds "9"]
[EventCountry "HUN"]
[SourceTitle "CBM 177 Extra"]
[Source "ChessBase"]
[SourceDate "2017.04.27"]
[SourceVersion "1"]
[SourceVersionDate "2017.04.27"]
[SourceQuality "1"]

1. d4 Nf6 2. c4 e6 3. Nc3 Bb4 4. Qc2 0-0 5. a3 Bxc3+ 6. Qxc3 b6 7. Bg5 Bb7 8. e3 d6 9. Ne2 Nbd7 10. Qc2 c5 11. Rd1 Rc8 12. Nc3 cxd4 13. Rxd4 Rc5 14. Bh4 Qa8 15. Be2 d5 16. e4 e5 17. Rxd5 Nxd5 18. cxd5 f6 19. 0-0 a5 20. Bb5 Qc8 21. Qd3 Nb8 22. f3 Ba6 23. a4 Bxb5 24. axb5 Rc7 25. Bf2 Rb7 26. Na4 Nd7 27. Be3 Nc5 28. Bxc5 bxc5 29. Rc1 Qd7 30. Rxc5 Rfb8 31. Nc3 Rc7 32. Qc4 Rxc5 33. Qxc5 Qb7 34. Qc6 Qa7+ 35. Kf1 Qe3 36. Qc7 Qc1+ 37. Kf2 Qxb2+ 38. Kg3 Rf8 39. d6 Qd2 40. d7 a4 41. Qc4+ Rf7 42. Qc8+ Rf8 43. Qc4+ 1/2-1/2

[Event "Budapest Spring op"]
[Site "Budapest"]
[Date "2017.03.19"]
[Round "2"]
[White "Kovalev, Andrei"]
[Black "Kumsiashvili, Nikoloz"]
[Result "0-1"]
[WhiteElo "2504"]
[BlackElo "2383"]
[PlyCount "76"]
[EventDate "2017.03.18"]
[EventType "swiss"]
[EventRounds "9"]
[EventCountry "HUN"]
[SourceTitle "CBM 177 Extra"]
[Source "ChessBase"]
[SourceDate "2017.04.27"]
[SourceVersion "1"]
[SourceVersionDate "2017.04.27"]
[SourceQuality "1"]

1. e4 c5 2. Nf3 d6 3. c3 Nf6 4. Be2 Nc6 5. d4 cxd4 6. cxd4 e5 7. d5 Ne7 8. Nc3 g6 9. Qa4+ Bd7 10. Nb5 Nexd5 11. Qb3 Nc7 12. Bg5 Nxb5 13. Bxf6 Qxf6 14. Bxb5 Qe7 15. Ng5 Rd8 16. h4 Bh6 17. Bxd7+ Qxd7 18. Rd1 0-0 19. Kf1 Qg4 20. Qf3 Qxf3 21. Nxf3 f5 22. exf5 Rxf5 23. Ke2 d5 24. h5 Bg7 25. hxg6 hxg6 26. Nh4 Rf6 27. Rc1 e4 28. g3 d4 29. Ng2 Ra6 30. Rc7 Rxa2 31. Rxb7 Rxb2+ 32. Rxb2 d3+ 33. Kd2 Bxb2 34. Nf4 a5 35. f3 a4 36. fxe4 a3 37. Ne6 Rb8 38. Nc5 a2 0-1

[Event "EU-ch U18 24th"]
[Site "Batumi"]
[Date "2014.10.24"]
[Round "6"]
[White "Kumsiashvili, Nikoloz"]
[Black "Harutyunian, Tigran K"]
[Result "0-1"]
[WhiteElo "2179"]
[BlackElo "2441"]
[PlyCount "68"]
[EventDate "2014.10.19"]
[EventType "swiss"]
[EventRounds "9"]
[EventCountry "GEO"]
[SourceTitle "EXT 2015"]
[Source "ChessBase"]
[SourceDate "2014.11.20"]
[SourceVersion "1"]
[SourceVersionDate "2014.11.20"]
[SourceQuality "1"]

1. d4 d5 2. c4 c6 3. Nf3 Nf6 4. Nc3 dxc4 5. a4 Bf5 6. Ne5 Nbd7 7. Nxc4 Qc7 8. g3 e5 9. dxe5 Nxe5 10. Bf4 Nfd7 11. Bg2 g5 12. Bxe5 Nxe5 13. Qd4 f6 14. Ne3 Bg6 15. a5 Be7 16. a6 0-0 17. axb7 Qxb7 18. Ncd5 Bd8 19. f4 gxf4 20. gxf4 Nd7 21. Nc4 Bf7 22. Nd6 Qb8 23. Nxf7 Rxf7 24. Nb4 Bb6 25. Qc4 Qe8 26. Bxc6 Rc8 27. Rd1 Kh8 28. Nd5 Qg8 29. Nxb6 Nxb6 30. Qe6 Qf8 31. Bf3 Re7 32. Qf5 Nc4 33. Rc1 Rec7 34. Kf2 Nxb2 0-1